| 000 | 00828cam a2200193 4500 | ||
|---|---|---|---|
| 001 | WB3802-37 | ||
| 008 | 020116n2002 000 0 eng u | ||
| 035 | _a(Sirsi) u116334 | ||
| 245 | _aValuation regime to tighten up | ||
| 260 | _c2002 | ||
| 490 |
_aRICS Press Release _v(pr007) 15 January 2002, (2) |
||
| 520 | _aRICS has responded to criticism of the valuation profession with plans to ensure improved openness and independence among valuers. The report of the working party chaired by Sir Bryan Carsberg makes 18 recommendations but stops short of enforcing a US-style separation between the brokerage and valuation functions. | ||
| 590 | _aWB | ||
| 650 | _aVALUATIONS | ||
| 650 | _aVALUATION PROCESS | ||
| 650 | _aPROPERTY-COMMERCIAL PROPERTY | ||
| 690 | _aPROPERTY-PROPERTY APPRAISAL AND VALUATION | ||
| 942 | _n0 | ||
| 999 |
_c69296 _d69296 |
||